Mort subite : Fortifications de Vauban - Statistiques

Statistiques générales
  • Ce quiz a été pris 29 fois
    22 depuis la dernière actualisation
  • Le résultat moyen est 5 sur 12
Answers on the Grid
Answers color-coded by a green-red scale on the quiz's grid according to % correct below.
Angers
Arras
Besançon
Bitche
Blaye
Carcassonne
Fort Boyard
Fougères
Givet
Haut-Koenigsbourg
Liège
Longwy
Mont-Dauphin
Mont-Valérien
Montmédy
Neuf-Brisach
Peyrepertuse
Pierrefonds
Provins
Québec
Saint-Martin-de-Ré
Séville
Tatihou
Villefranche-de-Conflent
Vincennes
 
Statistiques - réponses
Réponse % Correct
Arras
60%
Saint-Martin-de-Ré
53%
Besançon
47%
Neuf-Brisach
47%
Villefranche-de-Conflent
40%
Bitche
33%
Blaye
33%
Givet
33%
Longwy
33%
Mont-Dauphin
33%
Montmédy
27%
Tatihou
20%
Aucun quiz correspondant
Distribution des résultats
% des personnes avec chaque résultat
Percentile par nombre de réponses
Votre historique - résultats
Vous n’avez pas pris ce quiz depuis la dernière actualisation